[Event "OS INCLIVES"]
[Site "http://www.queenalice.com/game.php?id=1471471"]
[Date "2017.4.1"]
[Round "-"]
[White "adelio"]
[Black "Marty"]
[Result "0-1"]
[WhiteElo "1472"]
[BlackElo "1795"]

1. d4 d5 2. e4 dxe4 3. Nc3 Bf5 4. f3 exf3 5. Nxf3 e6 6. Ng5 f6 7. Nge4 Bb4 8.
Ng3 Bxc3+ 9. bxc3 Qd5 10. Qe2 Ne7 11. Ba3 e5 12. Bxe7 Kxe7 13. Nxf5+ Kf7 14.
Qh5+ g6 15. Nh6+ Ke6 16. Qh3+ f5 17. Nxf5 gxf5 18. Qh6+ Kf7 19. Qh5+ Ke6 20. Rd1
Qxa2 21. d5+ Kd6 22. Qxf5 Na6 23. Qe6+ Kc5 24. Qe7+ Kb6 25. Be2 Rhf8 26. Qxe5
Rae8 27. Qd4+ c5 28. Qh4 Qxc2 29. Qh6+ Kc7 30. Qg7+ Kb8 31. Qg3+ Nc7 32. Qg4
Qxc3+ 33. Rd2 Nxd5 34. Qg3+ Qe5 35. Qd3 Nf4 36. Qf3 Nxe2 37. Qxe2 Qa1+ 38. Rd1
Qc3+ 39. Rd2 Rxe2+ 40. Kxe2 Re8+ 41. Kd1 Qa1+ 42. Kc2 Qxh1 43. h3 Qe1 44. g4
Qe4+ 45. Kb2 Qb4+ 46. Kc2 c4 47. Rf2 Qb3+ 48. Kc1 Re1+ 49. Kd2 Qe3+ 50. Kc2
Qxf2+ 51. Kc3 Rc1+ 52. Kb4 Qb6+ 53. Ka4 Ra1# 0-1

[Event "OS INCLIVEIS"]
[Site "http://www.queenalice.com/game.php?id=1471472"]
[Date "2017.4.1"]
[Round "-"]
[White "Marty"]
[Black "adelio"]
[Result "1-0"]
[WhiteElo "1792"]
[BlackElo "1473"]

1. e4 a6 2. d4 c5 3. Be3 e6 4. d5 d6 5. Nf3 Be7 6. Bc4 b5 7. dxe6 bxc4 8. exf7+
Kxf7 9. Qd5+ Be6 10. Qxa8 Nd7 11. Qxa6 Nh6 12. h4 Ng4 13. Ng5+ Kf6 14. Nxe6 Kxe6
15. Qxc4+ Kf6 16. e5+ Ngxe5 17. Bg5+ Kg6 18. Qf4 h6 19. Bxe7 Qxe7 20. h5+ Kh7
21. Nc3 Ng4+ 22. Qe4+ Qxe4+ 23. Nxe4 Re8 24. f3 Ne3 25. Nxd6 Nxc2+ 26. Kd2 Re6
27. Kxc2 Rxd6 28. Rad1 Rxd1 29. Rxd1 Nf6 30. g4 g6 31. hxg6+ Kxg6 32. a4 Kg5 33.
a5 Kf4 34. a6 h5 35. a7 Nxg4 36. fxg4 hxg4 37. a8=Q g3 38. Qf8+ Kg4 39. Qxc5 g2
40. Qd4+ Kg3 41. Qg1 Kf3 42. Rd3+ Ke2 43. Qxg2+ Ke1 44. Rd1# 1-0

[Event "Invitation"]
[Site "http://www.queenalice.com/game.php?id=1471984"]
[Date "2017.4.5"]
[Round "-"]
[White "a3035"]
[Black "Marty"]
[Result "0-1"]
[WhiteElo "1654"]
[BlackElo "1755"]

1. d4 d5 2. e4 dxe4 3. Nc3 Nf6 4. Be3 Nd5 5. Qd2 e6 6. Bb5+ Bd7 7. Bxd7+ Qxd7 8.
O-O-O Bb4 9. Nge2 O-O 10. f3 exf3 11. gxf3 Bxc3 12. Nxc3 Nxc3 13. Qxc3 c6 14.
Rhg1 g6 15. d5 cxd5 16. Bh6 f6 17. Bxf8 Kxf8 18. Qxf6+ Qf7 19. Qxf7+ Kxf7 20.
Rd4 Nc6 21. Rh4 h5 22. f4 Rc8 23. Rd1 Nb4 24. Kb1 Nxc2 25. Rc1 Na3+ 26. bxa3 Rc4
27. Rxc4 dxc4 28. Kc2 b5 29. Rh3 Kf6 30. Kc3 Kf5 31. Kb4 a6 32. Rf3 Ke4 33. Rf1
e5 34. fxe5 Kxe5 35. Ka5 c3 36. Rc1 Kd4 37. Kxa6 Kc4 38. Ka5 g5 39. Rg1 g4 40.
Rf1 c2 41. a4 bxa4 42. Kxa4 Kc3 43. Kb5 Kb2 44. a4 h4 45. Kc4 c1=Q+ 46. Rxc1
Kxc1 47. Kd3 g3 48. hxg3 h3 49. a5 h2 50. a6 h1=Q 51. a7 Qa8 52. Ke3 Qxa7+ 53.
Kf4 Qf2+ 54. Kg4 Qd4+ 55. Kh5 Kd2 56. g4 Ke3 57. g5 Kf4 58. g6 Qh8# 0-1

[Event "Invitation"]
[Site "http://www.queenalice.com/game.php?id=1474976"]
[Date "2017.4.24"]
[Round "-"]
[White "a3035"]
[Black "Marty"]
[Result "0-1"]
[WhiteElo "1671"]
[BlackElo "1767"]

1. e4 e5 2. Nf3 Nc6 3. Bc4 Bc5 4. Nc3 Nf6 5. O-O O-O 6. d3 d6 7. a3 Bg4 8. Be3
Nd4 9. h3 Nxf3+ 10. gxf3 Bxh3 11. Re1 Nh5 12. Bxc5 Qg5+ 0-1

[Event "Invitation"]
[Site "http://www.queenalice.com/game.php?id=1477454"]
[Date "2017.5.9"]
[Round "-"]
[White "Marty"]
[Black "a3035"]
[Result "1-0"]
[WhiteElo "1777"]
[BlackElo "1684"]

1. e4 e5 2. Nc3 Nf6 3. Nf3 Bd6 4. d4 exd4 5. Qxd4 Nc6 6. Qe3 Qe7 7. Nd5 Nxd5 8.
exd5 Nb4 9. Bd3 Nxd5 10. Qxe7+ Bxe7 11. O-O d6 12. c4 Nb4 13. Rd1 Nxd3 14. Rxd3
Be6 15. b3 O-O 16. Bg5 f6 17. Re1 Bf5 18. Rde3 fxg5 19. Rxe7 Rac8 20. Nxg5 h6
21. Ne6 Bxe6 22. R7xe6 a5 23. a3 Ra8 24. g3 Rf3 25. R1e3 Rxe3 26. Rxe3 c6 27.
Re7 b5 28. Rc7 Ra6 29. cxb5 cxb5 30. Rb7 b4 31. axb4 axb4 32. Rxb4 Kf7 33. Rb7+
Kf6 34. b4 Ke5 35. b5 Ra4 36. Rxg7 Ra1+ 37. Kg2 Rb1 38. Rg6 Kd5 39. Rxh6 Kc5 40.
h4 d5 41. h5 Rxb5 42. Rg6 Rb8 43. h6 Rh8 44. g4 d4 45. Kf3 Kc4 46. Ke2 Kc3 47.
Kd1 d3 48. g5 Ra8 49. Rc6+ Kd4 50. h7 Kd5 51. Ra6 Rh8 52. g6 1-0

[Event "Invitation"]
[Site "http://www.queenalice.com/game.php?id=1477455"]
[Date "2017.5.9"]
[Round "-"]
[White "a3035"]
[Black "Marty"]
[Result "1-0"]
[WhiteElo "1663"]
[BlackElo "1798"]

1. e4 e5 2. Nf3 Nc6 3. d4 exd4 4. e5 d6 5. exd6 Qxd6 6. Bd3 Nb4 7. O-O Bg4 8.
Qe1+ Be7 9. Nbd2 Nxd3 10. cxd3 Nf6 11. b3 O-O 12. Nc4 Qe6 13. Qxe6 fxe6 14. Nxd4
Rad8 15. Be3 c5 16. Nb5 a6 17. Nc3 Rxd3 18. Rac1 Nd5 19. Nxd5 exd5 20. Ne5 Bf5
21. Nxd3 Bxd3 22. Rfd1 c4 23. f3 Ba3 24. Rc3 Re8 25. Kf2 d4 26. Bxd4 Bb2 27.
Rcxd3 cxd3 28. Rxd3 Bxd4+ 29. Rxd4 Re7 30. Rd8+ Kf7 31. g4 Kf6 32. h4 g6 33. Kg3
Re2 34. Rd7 h6 35. Rxb7 Rxa2 36. Rb6+ Ke5 37. Rxg6 a5 38. Rxh6 Kd4 39. h5 Kc3
40. Rb6 Rb2 41. h6 a4 42. h7 a3 43. h8=Q+ Kc2 44. Qc8+ Kb1 45. Qa8 a2 46. Ra6
1-0

[Event "Invitation"]
[Site "http://www.queenalice.com/game.php?id=1479268"]
[Date "2017.5.22"]
[Round "-"]
[White "a3035"]
[Black "Marty"]
[Result "0-1"]
[WhiteElo "1673"]
[BlackElo "1789"]

1. e4 e5 2. Nf3 Nc6 3. Bc4 Bc5 4. Nc3 Nf6 5. O-O O-O 6. d4 exd4 7. Nd5 d6 8.
Nxf6+ Qxf6 9. b3 d3 10. cxd3 Qxa1 11. Ng5 h6 12. Nf3 Bg4 13. h3 Bxf3 14. Qxf3
Ne5 15. Qe2 Nxc4 16. d4 Qxd4 17. bxc4 f5 18. Be3 Qxe4 19. Qd2 f4 20. Bxc5 dxc5
21. Qd5+ Qxd5 22. cxd5 b5 23. Rc1 c4 24. Rb1 a6 25. Re1 Rfe8 26. Rd1 Rad8 27.
Kh2 Re2 28. f3 Rxa2 29. Rd4 c3 0-1

[Event "Invitation"]
[Site "http://www.queenalice.com/game.php?id=1479269"]
[Date "2017.5.22"]
[Round "-"]
[White "Marty"]
[Black "a3035"]
[Result "1-0"]
[WhiteElo "1800"]
[BlackElo "1615"]

1. e4 e5 2. Nf3 Nc6 3. d4 Nf6 4. Nc3 Bd6 5. Bc4 exd4 6. Nxd4 Nxd4 7. Qxd4 Qe7 8.
O-O O-O 9. Nd5 Nxd5 10. exd5 Bc5 11. Qg4 d6 12. Qf4 a6 13. a3 b5 14. Bd3 Rb8 15.
b4 Bb6 16. Bb2 g6 17. Rae1 Qd8 18. Qh6 f6 19. c4 Bf5 20. Bxf5 gxf5 21. Re6 Rf7
22. Bxf6 Qd7 23. Rfe1 Rbf8 24. Qg5+ Rg7 25. Bxg7 Qxg7 26. Qxg7+ Kxg7 27. Re7+
Rf7 28. Rxf7+ Kxf7 29. Rc1 Kf6 30. c5 dxc5 31. bxc5 Ba7 32. d6 cxd6 33. cxd6 Bb6
34. Rc6 Bd4 35. d7+ Ke7 36. Rd6 1-0

[Event "Challenge"]
[Site "http://www.queenalice.com/game.php?id=1481341"]
[Date "2017.6.7"]
[Round "-"]
[White "Marty"]
[Black "a3035"]
[Result "1-0"]
[WhiteElo "1814"]
[BlackElo "1616"]

1. e4 e5 2. Nf3 Nc6 3. d4 exd4 4. Nxd4 Nf6 5. Nxc6 bxc6 6. Bg5 Be7 7. Qd4 c5 8.
Qe5 O-O 9. Bc4 Rb8 10. O-O d6 11. Qf4 Rb6 12. e5 dxe5 13. Qxe5 Re8 14. Nc3 Ng4
15. Qf4 Bxg5 16. Qxf7+ Kh8 17. Rad1 Qe7 18. Rfe1 Qxf7 19. Bxf7 Rxe1+ 20. Rxe1
Bd7 21. b3 h6 22. h3 Nf6 23. Na4 Bxa4 24. bxa4 a5 25. g3 Rb4 26. f4 Bxf4 27.
gxf4 Rxf4 28. Re7 g5 29. Rxc7 Ne4 30. Bd5 Nf6 31. Rc8+ Kg7 32. c4 Nd7 33. Rc7 g4
34. Rxd7+ Kg6 35. Rd6+ Kg5 36. hxg4 Rxg4+ 37. Kf2 h5 38. Rc6 h4 39. Rxc5 h3 40.
Bf3+ Kh4 41. Bxg4 1-0

[Event "Challenge"]
[Site "http://www.queenalice.com/game.php?id=1481342"]
[Date "2017.6.7"]
[Round "-"]
[White "a3035"]
[Black "Marty"]
[Result "1-0"]
[WhiteElo "1685"]
[BlackElo "1822"]

1. e4 e5 2. Nf3 Nc6 3. Nc3 Nf6 4. Bc4 Nd4 5. Nxe5 d6 6. Nxf7 Bg4 7. f3 Qe7 8.
Nxh8 Be6 9. Bxe6 Qxe6 10. d3 O-O-O 11. Be3 c5 12. Bg5 Be7 13. Bxf6 Qxf6 14. Nd5
Qe6 15. Nxe7+ Qxe7 16. c3 Nc6 17. Qb3 Rxh8 18. O-O a6 19. d4 cxd4 20. Rfd1 dxc3
21. Qxc3 Rd8 22. Re1 g5 23. Rad1 h5 24. g3 h4 25. g4 Qe6 26. a3 Qe5 27. Qxe5
Nxe5 28. Rc1+ Kd7 29. Re3 Ke6 30. Rb3 b5 31. Rbc3 Rf8 32. Kg2 a5 33. Rb3 b4 34.
Rc7 a4 35. Re3 d5 36. exd5+ Kxd5 37. axb4 Nc4 38. Rd7+ Kc6 39. Red3 Kb5 40. Rb7+
Kc6 41. Rg7 Nxb2 42. Re3 Kb5 43. Rxg5+ Kxb4 44. Rg7 Nc4 45. Rd3 a3 46. Rb7+ Ka4
47. Rd4 Rc8 48. Ra7+ Kb3 49. Rb7+ Kc3 50. Rdd7 Na5 51. Rbc7+ Rxc7 52. Rxc7+ Kb4
53. Re7 a2 54. Re1 1-0

[Event "Invitation"]
[Site "http://www.queenalice.com/game.php?id=1487561"]
[Date "2017.7.26"]
[Round "-"]
[White "a3035"]
[Black "Marty"]
[Result "0-1"]
[WhiteElo "1731"]
[BlackElo "1801"]

1. e4 e5 2. Nf3 Nc6 3. Nc3 Nf6 4. Bc4 Bc5 5. d3 O-O 6. Qe2 d6 7. Be3 Bxe3 8.
fxe3 Qe7 9. Nd5 Nxd5 10. exd5 e4 11. dxc6 exf3 12. Qxf3 bxc6 13. O-O-O d5 14.
Bb3 Be6 15. e4 Rfd8 16. exd5 cxd5 17. g4 Qg5+ 18. Kb1 Bxg4 19. Qg3 h6 20. Rdf1
Be2 21. Qxg5 hxg5 22. Re1 Bf3 23. Rhg1 g4 24. Rg3 Re8 25. Rxe8+ Rxe8 26. Kc1
Re1+ 27. Kd2 Re2+ 28. Kc3 Rxh2 29. Kd4 c6 30. Ba4 f5 31. Ke3 g5 32. c4 dxc4 33.
d4 f4# 0-1

[Event "Challenge"]
[Site "http://www.queenalice.com/game.php?id=1490997"]
[Date "2017.8.20"]
[Round "-"]
[White "Marty"]
[Black "a3035"]
[Result "1-0"]
[WhiteElo "1814"]
[BlackElo "1680"]

1. e4 e5 2. Nf3 Nf6 3. Nc3 Nc6 4. d4 Bb4 5. Nxe5 Nxe5 6. dxe5 Nxe4 7. Qd4 Qh4 8.
g3 Bxc3+ 9. bxc3 Qg4 10. Bd3 d6 11. Bxe4 Bf5 12. f3 Qh5 13. Bxb7 Rb8 14. Bc6+
Kd8 15. g4 Qh4+ 16. Ke2 Qh3 17. exd6 Qg2+ 18. Qf2 Qxh1 19. Bg5+ Kc8 20. Rxh1 Be6
21. Qxa7 f6 22. Qxc7# 1-0

[Event "Challenge"]
[Site "http://www.queenalice.com/game.php?id=1490998"]
[Date "2017.8.20"]
[Round "-"]
[White "a3035"]
[Black "Marty"]
[Result "0-1"]
[WhiteElo "1645"]
[BlackElo "1825"]

1. e4 e5 2. Nf3 Nc6 3. d3 Nf6 4. Be3 d5 5. Be2 dxe4 6. dxe4 Qxd1+ 7. Bxd1 Nxe4
8. O-O Be7 9. Nbd2 Nxd2 10. Nxd2 O-O 11. Ne4 Bf5 12. Nd2 Rad8 13. c4 Bd3 14. Re1
Bb4 15. a3 Bxd2 16. Bxd2 Bxc4 17. Bc3 f6 18. b3 Bd5 19. b4 b5 20. h4 g5 21. h5
h6 22. Be2 Bb3 23. Bxb5 Rd6 24. Rab1 Be6 25. Red1 Rfd8 26. Rxd6 Rxd6 27. f3 Nd4
28. Bf1 g4 29. fxg4 Bxg4 30. Kh2 Bxh5 31. b5 c6 32. b6 axb6 33. Rxb6 Be2 34. Kg1
Rd5 35. Bxd4 Bxf1 36. Kxf1 Rxd4 37. Rxc6 Kg7 38. Ra6 Rd1+ 39. Kf2 Kg6 40. g3 Kg5
41. a4 f5 42. Ra8 Rd2+ 43. Kf1 Kg4 44. Rg8+ Kf3 45. Kg1 Rd1+ 46. Kh2 e4 47. a5
e3 48. a6 e2 49. a7 Ra1 50. Re8 Rxa7 0-1

[Event "Challenge"]
[Site "http://www.queenalice.com/game.php?id=1497524"]
[Date "2017.10.4"]
[Round "-"]
[White "a3035"]
[Black "Marty"]
[Result "0-1"]
[WhiteElo "1633"]
[BlackElo "1834"]

1. e4 e5 2. Nc3 Nf6 3. Nf3 Nc6 4. d3 d5 5. exd5 Nxd5 6. Bd2 Bb4 7. Nxd5 Qxd5 8.
c4 Bxd2+ 9. Qxd2 e4 10. Ng5 Qd4 11. dxe4 f6 12. Qxd4 Nxd4 13. Rc1 fxg5 14. Rc3
c5 15. Bd3 O-O 16. O-O g4 17. e5 Be6 18. Re1 Rf4 19. Be4 Raf8 20. f3 gxf3 21.
gxf3 Rxf3 22. Bxb7 Rf2 23. Bd5 Bxd5 24. cxd5 Ne2+ 25. Kh1 Nxc3 26. d6 Nxa2 27.
d7 Rf1+ 28. Rxf1 Rxf1+ 29. Kg2 Rd1 30. e6 Kf8 0-1

[Event "Challenge"]
[Site "http://www.queenalice.com/game.php?id=1497525"]
[Date "2017.10.4"]
[Round "-"]
[White "Marty"]
[Black "a3035"]
[Result "1-0"]
[WhiteElo "1842"]
[BlackElo "1586"]

1. e4 e5 2. Nf3 Nc6 3. Nc3 Nf6 4. d4 d6 5. d5 Nd4 6. Nxd4 exd4 7. Qxd4 Be7 8. e5
dxe5 9. Qxe5 O-O 10. Bd3 c6 11. dxc6 bxc6 12. O-O Nd7 13. Qe4 Nf6 14. Qxc6 Bd7
15. Qc4 Rc8 16. Qd4 Bc5 17. Qh4 Bc6 18. Bg5 Qd4 19. Qxd4 Bxd4 20. Be3 Bxe3 21.
fxe3 Ng4 22. e4 Ne5 23. Ba6 Rcd8 24. Rad1 Rb8 25. b3 Ng4 26. Rd6 Ne3 27. Rf2 Rb6
28. Bd3 Rfb8 29. Rf3 Ng4 30. Nd5 Bxd5 31. Rxd5 h6 32. h3 Nf6 33. Re5 Nd7 34. Re7
Nc5 35. Rexf7 Ne6 36. Rxa7 Nc5 37. Rff7 R6b7 38. Rfxb7 Nxb7 39. a4 Nc5 40. Bc4+
Kf8 41. Rf7+ Ke8 42. Rxg7 Kf8 43. Rg8+ 1-0

[Event "Challenge"]
[Site "http://www.queenalice.com/game.php?id=1515253"]
[Date "2018.2.9"]
[Round "-"]
[White "Marty"]
[Black "a3035"]
[Result "1-0"]
[WhiteElo "1848"]
[BlackElo "1688"]

1. e4 e5 2. d4 f6 3. d5 Bc5 4. Nf3 d6 5. Bc4 Bg4 6. h3 Bh5 7. a3 Nd7 8. O-O f5
9. exf5 Qf6 10. g4 Bf7 11. Bg5 Nb6 12. Bxf6 Nxf6 13. Qe2 O-O 14. b4 Nfxd5 15.
bxc5 Nf4 16. Qe4 Nxc4 17. Qxb7 Bd5 18. Qb3 Nxh3+ 19. Kh2 Rab8 20. Qc3 e4 21.
Kxh3 exf3 22. Nd2 Ne5 23. cxd6 cxd6 24. Qc7 Bf7 25. Qxd6 Nc4 26. Qd4 Nxd2 27.
Qxd2 Rfe8 28. Qf4 Rbc8 29. Qxf3 Rxc2 30. Qb7 a5 31. Qb5 Rc3+ 32. f3 Kf8 33. Qxa5
Ree3 34. Qd8+ Re8 35. Qd6+ Kg8 36. Rfe1 h6 37. Qd7 Rxf3+ 38. Kg2 Rxe1 39. Rxe1
Rxa3 40. Qd8+ Kh7 41. Qe7 Bd5+ 42. Kf2 Ra2+ 43. Re2 Ra3 44. Qxa3 Bf7 45. Qf8 1-0

[Event "Challenge"]
[Site "http://www.queenalice.com/game.php?id=1515254"]
[Date "2018.2.9"]
[Round "-"]
[White "a3035"]
[Black "Marty"]
[Result "0-1"]
[WhiteElo "1678"]
[BlackElo "1858"]

1. e4 e5 2. Nf3 Nf6 3. Nxe5 Nxe4 4. Bc4 d5 5. Qh5 g6 6. Nxg6 fxg6 7. Qe5+ Qe7 8.
Qxe7+ Bxe7 9. Bxd5 Nd6 10. Nc3 c6 11. Bf3 Bf5 12. O-O Bxc2 13. Re1 Nf5 14. Ne4
Nd7 15. d3 Bxd3 16. Bd2 O-O-O 17. Ng5 Rde8 18. Bc3 Bf6 19. Rxe8+ Rxe8 20. Nxh7
Bxc3 21. bxc3 Nb6 22. h3 Na4 23. Bg4 Nxc3 24. a4 Ne4 25. Rd1 Bc2 26. Bxf5+ gxf5
27. Re1 Bxa4 28. Kh2 Rh8 29. f3 Rxh7 30. fxe4 fxe4 31. Rxe4 Bc2 32. Rc4 Bf5 33.
Kg3 Kc7 34. Kf4 Rh5 35. g4 Rxh3 36. Kxf5 b5 37. Rb4 a5 38. Re4 a4 39. g5 a3 40.
Re2 b4 41. g6 b3 42. g7 b2 43. Re1 a2 44. g8=Q b1=Q+ 45. Rxb1 axb1=Q+ 46. Kf6
Qf1+ 47. Ke7 Re3+ 0-1

[Event "Challenge"]
[Site "http://www.queenalice.com/game.php?id=1590613"]
[Date "2019.11.18"]
[Round "-"]
[White "Marty"]
[Black "a3035"]
[Result "1-0"]
[WhiteElo "1867"]
[BlackElo "1674"]

1. e4 e5 2. Nf3 Nc6 3. d4 f5 4. Nc3 exd4 5. Nxd4 d6 6. Bb5 Bd7 7. exf5 Qe7+ 8.
Be3 Nxd4 9. Qxd4 Nf6 10. O-O-O a6 11. Bxd7+ Qxd7 12. g4 g6 13. Qxf6 Rg8 14. Qe6+
Qxe6 15. fxe6 O-O-O 16. Nd5 Rg7 17. f4 h6 18. f5 gxf5 19. gxf5 Be7 20. Nxe7+
Rxe7 21. Bxh6 Rh8 22. Bg5 Ree8 23. e7 Rh5 24. Rdg1 Rh7 25. f6 Kd7 26. Re1 c5 27.
h4 b5 28. Rhf1 b4 29. f7 1-0

[Event "Challenge"]
[Site "http://www.queenalice.com/game.php?id=1590614"]
[Date "2019.11.18"]
[Round "-"]
[White "a3035"]
[Black "Marty"]
[Result "0-1"]
[WhiteElo "1666"]
[BlackElo "1875"]

1. e4 e5 2. Nc3 Bb4 3. Nf3 Nc6 4. Bc4 h6 5. a3 Bxc3 6. dxc3 Nf6 7. Be3 Ng4 8.
Qd3 O-O 9. O-O a6 10. Bd2 d6 11. Bd5 Ne7 12. h3 Nf6 13. Bc4 d5 14. Bxd5 Nexd5
15. exd5 e4 16. Qe2 exf3 17. Qxf3 Qxd5 18. Qd3 Qxd3 19. cxd3 Re8 20. b4 b5 21.
Bf4 Nd5 22. Bd2 Bf5 23. c4 Bxd3 24. Rfe1 bxc4 25. Rac1 a5 26. Rxe8+ Rxe8 27.
bxa5 Re2 28. a6 Rxd2 29. a7 Nb6 30. a4 Ra2 31. Re1 Rxa4 0-1

[Event "Challenge"]
[Site "http://www.queenalice.com/game.php?id=1597185"]
[Date "2020.1.23"]
[Round "-"]
[White "Marty"]
[Black "a3035"]
[Result "1-0"]
[WhiteElo "1883"]
[BlackElo "1656"]

1. e4 e5 2. Nf3 Nc6 3. d4 exd4 4. Nxd4 d5 5. Nxc6 bxc6 6. exd5 cxd5 7. Bb5+ Bd7
8. Qxd5 Nf6 9. Bxd7+ Qxd7 10. Qxa8+ Ke7 11. Qxa7 g6 12. O-O Ng4 13. Re1+ Kf6 14.
h3 Ne5 15. Bf4 Nc6 16. Qxc7 Qxc7 17. Bxc7 Be7 18. Nc3 Nd4 19. Nd5+ Kg7 20. Rxe7
Rf8 21. Be5+ 1-0

[Event "Challenge"]
[Site "http://www.queenalice.com/game.php?id=1597186"]
[Date "2020.1.23"]
[Round "-"]
[White "a3035"]
[Black "Marty"]
[Result "0-1"]
[WhiteElo "1631"]
[BlackElo "1890"]

1. e4 e5 2. Nc3 Nf6 3. Nf3 Nc6 4. Bc4 Bc5 5. d3 Nd4 6. Be3 Nxf3+ 7. Qxf3 Bxe3 8.
Qxe3 d6 9. O-O-O O-O 10. d4 Ng4 11. Qf3 Qg5+ 12. Kb1 exd4 13. Rxd4 Ne5 14. Qg3
Qxg3 15. hxg3 c5 16. Rxd6 Nxc4 17. Rd5 b6 18. f4 Ne3 19. Rd2 Bg4 20. Rg1 Rad8
21. Rxd8 Rxd8 22. Kc1 Rd4 23. b3 a6 24. a4 h6 25. f5 f6 26. Nd5 Nxd5 27. exd5
Rxd5 28. Rh1 Rxf5 29. Rh4 Rf1+ 30. Kb2 f5 31. Kc3 Rg1 32. Kc4 Rd1 33. b4 Rd4+
34. Kb3 Rxb4+ 35. Ka3 Rd4 36. Kb3 c4+ 37. Kc3 Re4 38. Rh1 Re3+ 39. Kd4 Rxg3 40.
Rb1 b5 41. axb5 axb5 42. Rxb5 Rxg2 43. Kc3 f4 44. Rb4 f3 45. Rxc4 f2 46. Rf4 Be2
0-1